[Event "World Cup U18 Prel"]
[Site "Tornelo INT"]
[Date "2021.08.20"]
[Round "9"]
[White "Aulia, Naufal Aiz Dhafin"]
[Black "Marn, Jan"]
[Result "0-1"]
[WhiteElo "1722"]
[BlackElo "2292"]
[PlyCount "70"]
[EventDate "2021.08.16"]
[EventType "swiss (rapid)"]
[EventRounds "10"]
[EventCountry "NET"]
[SourceTitle "CBM 203 Extra"]
[Source "ChessBase"]
[SourceDate "2021.09.30"]
[SourceVersion "1"]
[SourceVersionDate "2021.09.30"]
[SourceQuality "1"]

1. e4 e5 2. Nf3 Nc6 3. d4 exd4 4. Bc4 Bc5 5. c3 Nf6 6. e5 d5 7. Bb5 Ne4 8. cxd4 Bb6 9. h3 0-0 10. 0-0 Ne7 11. Nc3 c6 12. Bd3 Bf5 13. Re1 f6 14. Nxe4 dxe4 15. Bxe4 fxe5 16. Bg5 h6 17. Bxe7 Qxe7 18. Bxf5 Rxf5 19. Rxe5 Rxe5 20. dxe5 Qb4 21. Qe2 Rd8 22. Rc1 Qa4 23. b3 Qf4 24. Rd1 Rxd1+ 25. Qxd1 Qf5 26. g3 Qxh3 27. Nd4 Qd7 28. e6 Qxd4 29. Qf3 Qxf2+ 30. Qxf2 Bxf2+ 31. Kxf2 Kf8 32. Kf3 Ke7 33. Kf4 Kxe6 34. g4 g6 35. Ke4 h5 0-1

[Event "World Cup U18 Prel"]
[Site "Tornelo INT"]
[Date "2021.08.16"]
[Round "1"]
[White "Aulia, Naufal Aiz Dhafin"]
[Black "Brilej, Jaka"]
[Result "1-0"]
[WhiteElo "1722"]
[BlackElo "2344"]
[PlyCount "59"]
[EventDate "2021.08.16"]
[EventType "swiss (rapid)"]
[EventRounds "10"]
[EventCountry "NET"]
[SourceTitle "CBM 203 Extra"]
[Source "ChessBase"]
[SourceDate "2021.09.30"]
[SourceVersion "1"]
[SourceVersionDate "2021.09.30"]
[SourceQuality "1"]

1. e4 c5 2. Nf3 Nc6 3. d4 cxd4 4. Nxd4 Nf6 5. Nc3 e5 6. Ndb5 d6 7. Nd5 Nxd5 8. exd5 Nb8 9. c4 Be7 10. Be3 a6 11. Nc3 0-0 12. Bd3 f5 13. 0-0 f4 14. Qh5 h6 15. Qg6 Rf6 16. Qh7+ Kf7 17. Ne4 Rg6 18. c5 dxc5 19. Nxc5 Rf6 20. d6 Bxd6 21. Bc4+ Ke8 22. Qg8+ Bf8 23. Rad1 Qc7 24. Ne4 Bf5 25. Nxf6+ gxf6 26. Bb6 Qg7 27. Rd8+ Ke7 28. Qd5 Nd7 29. Rxa8 f3 30. Bc5+ 1-0